000 00850nam a2200205 i 4500
001 181621
003 ES-MaACL
005 20250824085145.0
008 130225s1944 sp |||| | spa d
080 _a821.134.2-821"16"
100 1 _aCastillo Solórzano, Alonso de.
_936770
245 1 0 _aHuerta de Valencia :
_bprosas y versos en las academias de ella /
_cpor D. Alonso de Castillo Solórzano ; la publica la Sociedad de Bibliófilos Españoles.
260 _aMadrid :
_bSociedad de Bibliófilos Españoles,
_c1944 (
_fImp. Aldus)
300 _aXL p., 322 p. ;
_c24 cm.
490 1 _aSociedad de Bibliófilos Españoles. Segunda época ;
_v15
710 2 _aSociedad de Bibliófilos Españoles.
_96661
830 1 0 _aSociedad de Bibliófilos Españoles. Segunda época
_v15
_9191496
852 4 _aES-MaACL
_jJ-7(II-15)
999 _c181621
_d181621